| 000 | 00763nam a2200289 a 4500 | ||
|---|---|---|---|
| 003 | AR-BaBNM | ||
| 005 | 20251128203610.0 | ||
| 008 | 082120s2002 ||||||||||||||000 | spa|| | ||
| 040 | _cAR-BaBNM | ||
| 100 | 1 | _aDay, J.P. | |
| 245 | 0 | 0 | _aHistoria económica mundial, 1914-1939 |
| 250 | _a1ª ed. | ||
| 260 |
_aMéxico, D.F. _bFondo de Cultura Económica _c1940 |
||
| 300 |
_a232 p. _bgráfs. |
||
| 490 | 0 | _aObras de economía | |
| 650 | 4 | _aHISTORIA ECONOMICA | |
| 650 | 4 | _aGUERRA | |
| 650 | 4 | _aPRECIOS | |
| 650 | 4 | _aOFERTA Y DEMANDA | |
| 650 | 4 | _aCONTROL DE PRECIOS | |
| 650 | 4 | _aCOMERCIO | |
| 650 | 4 | _aDOCTRINAS ECONOMICAS | |
| 700 | 1 |
_aPolo, Vicente _etraductor |
|
| 800 | 1 |
_aCosio Villegas, Daniel _edirector |
|
| 942 | _cBK | ||
| 998 | _cmariana | ||
| 999 |
_c4081 _d4081 |
||